The incredible Japanese (Record no. 3178)

000 -LEADER
fixed length control field nam a22 7a 4500
005 - DATE AND TIME OF LATEST TRANSACTION
control field 20170519161004.0
008 - FIXED-LENGTH DATA ELEMENTS--GENERAL INFORMATION
fixed length control field 170519b1984 si ||||| |||| 00| 0 eng d
020 ## - INTERNATIONAL STANDARD BOOK NUMBER
International Standard Book Number 9971404478
040 ## - CATALOGING SOURCE
Original cataloging agency AKMAL
082 ## - DEWEY DECIMAL CLASSIFICATION NUMBER
Classification number 658.3952 PAR
090 ## - LOCALLY ASSIGNED LC-TYPE CALL NUMBER (OCLC); LOCAL CALL NUMBER (RLIN)
Classification number (OCLC) (R) ; Classification number, CALL (RLIN) (NR) 658.3952
Local cutter number (OCLC) ; Book number/undivided call number, CALL (RLIN) PAR
100 1# - MAIN ENTRY--PERSONAL NAME
Personal name Parkinson, C. Northcote
Dates associated with a name 1909-1959
9 (RLIN) 6546
245 14 - TITLE STATEMENT
Title The incredible Japanese
Statement of responsibility, etc. C. Northcote Parkinson, M.K. Rustomji, S.A. Sapre ; illustrated by V.B. Halbe
260 ## - PUBLICATION, DISTRIBUTION, ETC.
Place of publication, distribution, etc. Singapore :
Name of publisher, distributor, etc. Federal Publications,
Date of publication, distribution, etc. 1984
300 00 - PHYSICAL DESCRIPTION
Extent 167p. :
Other physical details ill. ;
Dimensions 19 cm
504 ## - BIBLIOGRAPHY, ETC. NOTE
Bibliography, etc. note Bibliography: p.166-167
650 #0 - SUBJECT ADDED ENTRY--TOPICAL TERM
Topical term or geographic name entry element Economic development
General subdivision Social aspects
Geographic subdivision Japan
9 (RLIN) 6547
651 #0 - SUBJECT ADDED ENTRY--GEOGRAPHIC NAME
Geographic name Japan
General subdivision Economic conditions
9 (RLIN) 3246
700 1# - ADDED ENTRY--PERSONAL NAME
Personal name Rustomji, M. K.
9 (RLIN) 5958
700 1# - ADDED ENTRY--PERSONAL NAME
Personal name Sapre, S. A.
9 (RLIN) 5992
700 1# - ADDED ENTRY--PERSONAL NAME
Personal name Halbe, V. B.,
Relator term ill.
9 (RLIN) 6548
942 ## - ADDED ENTRY ELEMENTS (KOHA)
Source of classification or shelving scheme
Koha item type Book
Holdings
Withdrawn status Lost status Source of classification or shelving scheme Damaged status Not for loan Collection code Home library Current library Shelving location Date acquired Inventory number Total Checkouts Full call number Barcode Date last seen Price effective from Koha item type
          NON-FICTION AKMAL Melaka AKMAL Melaka PINJAMAN 19.05.2017 600151   658.3952 PAR 201703932 19.05.2017 19.05.2017 Book
Pusat Sumber Maklumat Dato' Haji Sarmin Md Hussin, Akademi Kastam Diraja Malaysia, Melaka
Tel: 06-2331106 | Faks: 06-2313787